| 000 | 00404nam a2200157 a 4500 | ||
|---|---|---|---|
| 005 | 20140513081046.0 | ||
| 008 | 020924s19uu xx 00 eng d | ||
| 050 |
_aVCD _bCl637 2002 |
||
| 245 | _aFluffed up Cleo; Team spirit/. | ||
| 260 |
_aPhilippines : _bHeartshaper, _c2002. |
||
| 300 | _a25 mins. ; colored | ||
| 440 | _aClifford | ||
| 650 | _aRespect. | ||
| 650 | _aCooperation. | ||
| 999 |
_c116174 _d116174 |
||